British Shipping / (Record no. 193937)
[ view plain ]
| 000 -LEADER | |
|---|---|
| fixed length control field | 00833 a2200157 4500 |
| 003 - CONTROL NUMBER IDENTIFIER | |
| control field | Nust |
| 005 - DATE AND TIME OF LATEST TRANSACTION | |
| control field | 20230314104435.0 |
| 040 ## - CATALOGING SOURCE | |
| Transcribing agency | Nust |
| 082 ## - DEWEY DECIMAL CLASSIFICATION NUMBER | |
| Classification number | 387.5,BAR |
| 100 ## - MAIN ENTRY--PERSONAL NAME | |
| Personal name | R.H Thoranton |
| 9 (RLIN) | 110236 |
| 245 ## - TITLE STATEMENT | |
| Title | British Shipping / |
| Statement of responsibility, etc. | R.H.Thornton |
| 260 ## - PUBLICATION, DISTRIBUTION, ETC. | |
| Place of publication, distribution, etc. | London |
| Name of publisher, distributor, etc. | Cambridge universty press |
| Date of publication, distribution, etc. | 1945 |
| 300 ## - PHYSICAL DESCRIPTION | |
| Extent | vi:304,p; |
| 505 ## - FORMATTED CONTENTS NOTE | |
| Formatted contents note | The Coming of System (Page-3), The Steam Packet Company (Page-24), Free Trade (Page-42), Progress (Page-59), The British Mercantile Marine (Page-75), Economic Nationalism (Page-95), The Ship ad its Job (Page-115), Sea Carriage (Page-128), Dockside (Page-144), The Ship (Page-162), The Office (Page-180), Passengers (Page-196), The Men (Page-211), Watch Keepers (Page-229), The Voyage (Page-247), Competition and Combination (Page-266), The Business of Shipowing (Page-284). |
| 942 ## - ADDED ENTRY ELEMENTS (KOHA) | |
| Source of classification or shelving scheme | |
| Koha item type | Book |
| Withdrawn status | Lost status | Source of classification or shelving scheme | Damaged status | Not for loan | Permanent Location | Current Location | Shelving location | Date acquired | Full call number | Barcode | Date last seen | Price effective from | Koha item type | Public note |
|---|---|---|---|---|---|---|---|---|---|---|---|---|---|---|
| Military College of Signals (MCS) | Military College of Signals (MCS) | General Stacks | 12/12/2016 | 387,THO | MCS30001 | 12/08/2016 | 12/12/2016 | Book | Almirah No.74, Shelf No.4 |
